A balancing exercise (Record no. 79543)
[ view plain ]
| 000 -LEADER | |
|---|---|
| fixed length control field | 01241cab a22002175a 4500 |
| 001 - CONTROL NUMBER | |
| control field | L141611 |
| 008 - FIXED-LENGTH DATA ELEMENTS--GENERAL INFORMATION | |
| fixed length control field | 071205e20071201xxk f 000 0 eng d |
| 035 ## - SYSTEM CONTROL NUMBER | |
| System control number | (Sirsi) u141611 |
| 041 0# - LANGUAGE CODE | |
| Language code of text/sound track or separate title | eng |
| 100 1# - MAIN ENTRY--PERSONAL NAME | |
| Personal name | Tonkin, Paul |
| 245 02 - TITLE STATEMENT | |
| Title | A balancing exercise |
| 260 ## - PUBLICATION, DISTRIBUTION, ETC. | |
| Date of publication, distribution, etc. | 2007 |
| 490 ## - SERIES STATEMENT | |
| Series statement | Estates Gazette |
| Volume/sequential designation | (0748) 1 December 2007, 140-141(2) |
| 520 ## - SUMMARY, ETC. | |
| Summary, etc. | Considers the landlord's position when tenants go into administration. Changes to law have made it far easier to put companies into administration, resulting in a 1000% increase in cases since 2003. The landlord should not expect to recover full rent. Surrender of the property by the tenant may be blocked by the administrator. Surrender also fails to terminate subtenancies. Forfeiture relies upon its permissibility within the lease and may conflict with the administrator's plans. Courts are likely to grant forfeiture unless the lease is required to further the administration process. Outlines such conditions. Case law. |
| 590 ## - LOCAL NOTE (RLIN) | |
| Local note | KA |
| 650 24 - SUBJECT ADDED ENTRY--TOPICAL TERM | |
| Topical term or geographic name entry element | ENTERPRISE ACT 2002 |
| 650 24 - SUBJECT ADDED ENTRY--TOPICAL TERM | |
| Topical term or geographic name entry element | LANDLORD AND TENANT ACT 1954 |
| 651 #4 - SUBJECT ADDED ENTRY--GEOGRAPHIC NAME | |
| Geographic name | United Kingdom |
| Chronological subdivision | |
| 690 ## - LOCAL SUBJECT ADDED ENTRY--TOPICAL TERM (OCLC, RLIN) | |
| Topical term or geographic name as entry element | PROPERTY-COMMERCIAL PROPERTY-COMMERCIAL LANDLORD AND TENANT-BUSINESS TENANCIES-BUSINESS TENANTS |
| 942 ## - ADDED ENTRY ELEMENTS (KOHA) | |
| Suppress in OPAC | 0 |
| Withdrawn status | Lost status | Source of classification or shelving scheme | Damaged status | Not for loan | Home library | Current library | Shelving location | Date acquired | Total Checkouts | Full call number | Barcode | Date last seen | Copy number | Price effective from | Koha item type |
|---|---|---|---|---|---|---|---|---|---|---|---|---|---|---|---|
| Dewey Decimal Classification | London | London | Journal article | 05/12/2007 | L141611 | 141611-1001 | 06/08/2019 | 1 | 06/08/2019 | Journal article |